00997nam a2200265 a 450000100100000000500170001000800410002704000250006808200210009310000270011424500900014125000250023126000600025630000210031659000270033765000210036465000280038565000280041365000320044165100590047365000260053291000410055895201170059999900150071600000856320250707112615.0090917s1999 dr 000 0 spa d aDO-SdBNPbspacBNPHU a330bM672ia19991 aMiranda, Ignacio9830210aIntroducción a la economía :bconceptos, métodos y sistemas /cIgnacio Miranda. a7a. ed. corr. y aum. aSanto Domingo :bFundación Humanismo Integral,c1999. a286 p. :b22 cm. aInventariado, 2018/ YL 0aEconomia 985383 0aMacroeconomía 922952 0aMicroeconomía 922953 4aSistemas económicos97422 4aPaíses En DesarrolloxCondiciones Económicas99540 0aGlobalización91524 aValidado. Control de calidad MMOLINA 0010718PDaPDbPDcHDd2009-09-17iLF1l0o330 1999 M672ip8563-10r2020-06-25w2020-06-25yLFPDZNo se presta c8333d8333